000 00773nam a22002177a 4500
003 UA-OsUOA
001 62485
007 ta
008 20090831b un ||||| |||| 00| 0 ukr d
090 _a94(477.63)
_bИ32
942 _cBK
040 _aUA-OsUOA
_brus
_cUA-OsUOA
_dUA-OsUOA
245 _aИз истории местного края
_bТематический сборник статей профессорско-преподавательского состава кафедры истории СССР и УССР
_cПойда Д. П.
300 _a180 с.
955 _a2
041 _arus
080 _a94(477.63)
260 _aДніпропетровськ
_c1968
650 7 _a9 Географія. Біографії. Історія
_2UDC
999 _c348569
_d348569